00267nam a2200097Ia 4500008004100000100001600041245004400057260004200101260000900143999001700152170620s9999 xx 000 0 und d aBegum- Sara 0aCognitive Development in Blind Children bNew Delhi- Discovery Publishing House c2006 c24262d24262